000 00568nam a2200157 i 4500
001 82462
003 ES-MaACL
005 20230906174657.0
007 t|
008 041110s1924 sp ||||1| spa d
245 0 0 _aInforme que la Comisión de Asuntos Municipales que preside el Exmo. Joaquín Ruiz Jiménez ha presentado al pleno de la Cámara Oficial de la Propiedad Urbana de Madrid.
260 _aMadrid :
_b[s.n.],
_c1924 (
_fRivadeneyra)
300 _a14 p. ;
_c24 cm.
710 2 _aCámara de la Propiedad Urbana de Madrid.
_92406
852 _aES-MaACL
_j1679-F-2
999 _c82462
_d82462